| 000 | 00523nam a22001817a 4500 | ||
|---|---|---|---|
| 999 |
_c17668 _d17668 |
||
| 003 | OSt | ||
| 005 | 20190708103806.0 | ||
| 008 | 190708b ||||| |||| 00| 0 eng d | ||
| 040 | _aSEKU | ||
| 050 |
_aHG 5681 _b.B2A6 |
||
| 110 | _4Kenya Institute oor Public Policy Research and Analysis | ||
| 111 |
_cNairobi, Kenya _e2010 - 2011 |
||
| 245 | _aAnnual report and financial statements | ||
| 260 |
_aNairobi: Kenya; _bKIPPRA, _c2011. |
||
| 300 | _a94p.: | ||
| 650 |
_aAgriculture _xNatual resources _xFood |
||
| 942 |
_2lcc _cGEN |
||